| 000 | 00694nam a2200241Ia 4500 | ||
|---|---|---|---|
| 999 |
_c49646 _d49646 |
||
| 001 | 16578 | ||
| 003 | GE_BSU | ||
| 005 | 20250130123258.0 | ||
| 008 | 181216s2006||||enk|||||||||||||| ||eng|| | ||
| 020 | _a9780582846326 | ||
| 040 | _cGE_BSU | ||
| 041 | _aeng | ||
| 080 | _a811.111(075.8) A-18 | ||
| 100 |
_aAcklam, Richard _93176 |
||
| 245 |
_aTotal English : upper intermediate : _bStudents book (CD) / _cRichard Acklam, Araminta Crace. |
||
| 264 |
_aHarlow : _b Pearson/Longman, _c2006. |
||
| 300 |
_a176 p. : _b ill. ; _c29 cm. _e+ 1 DVD. |
||
| 541 | _h5ლ. | ||
| 653 | _aTotal English | ||
| 653 | _aUpper intermediate | ||
| 700 |
_aCrace, Araminta _cauth. _924185 |
||
| 942 |
_cBK _2udc |
||